Szczegóły MARC21

Społeczne skutki migracji zarobkowych : na podstawie opinii mieszkańców Podkarpacia /

003 -Nazwa inst., której nr kontr. jest w polu 001 [,]
    • @
    • Nazwa instytucji, której n kontrolny jest w polu 001
    • NUKAT
005 -DATA I CZAS OSTATNIEJ MODYFIKACJI [,]
    • @
    • pole kontrolne
    • 20241231115352.0
020 -Międzynarod. znormalizowany nr książki - ISBN [ , ]
    • a
    • Numer ISBN
    • 9788379961979 Find
040 -Instytucja sporządzająca opis [ , ]
    • a
    • Instytucja, która sporządziła opis (NP)
    • Ł U/bb
    • c
    • Instytucja, która sporządziła rekord (NP)
    • Ł U/bb
    • d
    • Instytucja, która zmodyfikowała rekord (P)
    • Ł U/bb
    • d
    • Instytucja, która zmodyfikowała rekord (P)
    • BSTOK U/AR
    • d
    • Instytucja, która zmodyfikowała rekord (P)
    • WR O/KP
041 -Język dokumentu [0, ]
    • a
    • Język tekstu (P)
    • polski
    • b
    • Język streszczeń lub abstraktu (P)
    • angielski
942 -Rodzaj dokumentu [ , ]
    • c
    • Rodzaj dokumentu
    • Książka
100 -Hasło główne - nazwa osobowa [1, ]
    • a
    • Nazwa osobowa (NP)
    • Skoczyńska-Prokopowicz, Barbara.
    • 9
    • KHW
    • 89429
245 -Strefa tytułu i oznaczenia odpowiedzialności [1,0]
    • a
    • Tytuł
    • Społeczne skutki migracji zarobkowych : Find
    • b
    • Ciąg dalszy tytułu (NP)
    • na podstawie opinii mieszkańców Podkarpacia / Find
    • c
    • Pozostałe elementy strefy tytułu i oznaczenia odpowiedzialności (NP)
    • Barbara Skoczyńska-Prokopowicz.
260 -Strefa adresu wydawniczego [ , ]
    • a
    • Miejsce wydania (P)
    • Rzeszów :
    • b
    • Nazwa wydawcy (P)
    • Wydawnictwo Uniwersytetu Rzeszowskiego,
    • c
    • Data wydania (P)
    • 2015.
300 -Strefa opisu fizycznego [ , ]
    • a
    • Określenie formy książki i/lub objętość (NP)
    • 225, [1] s. :
    • b
    • Oznaczenie ilustracji (NP)
    • il. ;
    • c
    • Format (NP)
    • 24 cm.
336 -Typ zawartości [ , ]
    • a
    • Termin opisujący typ zawartości
    • Tekst
    • b
    • Kod określający zawartość
    • txt
    • 2
    • Źródło (terminu i kodu)
    • rdacontent
337 -Typ mediów [ , ]
    • a
    • Tryb odtwarzania
    • Bez urządzenia pośredniczącego
    • b
    • Kod typu mediów
    • n
    • 2
    • Źródło (terminu i kodu)
    • rdamedia
338 -Typ/rodzaj nośnika [ , ]
    • a
    • Hasło opisujące typ nośnika
    • Wolumin
    • b
    • Kod typu nośnika
    • nc
    • 2
    • Źródło (terminu i kodu)
    • rdacarrier
504 -Uwaga dot. bibliogr. załącznikowej [ , ]
    • a
    • Uwaga dot. bibliografii załącznikowej
    • Bibliogr. s. 190-195.
546 -Uwaga dot. języka [ , ]
    • a
    • Uwaga dot. języka
    • Streszcz. ang.
080 -Uniwersalna Klasyfikacja Dziesiętna [ , ]
    • 2
    • Identyfikator wydania tablic
    • UDC-P058
    • 9
    • UKD
    • 28407
    • a
    • Symbol klasyfikacji
    • 331-057.56
    • b
    • Dopowiedzenie
    • Praca. Osoby pracujące poza granicami kraju. Gastarbeiterzy.
    • 4
    • UKD2
    • 8580
    • x
    • Poddział wspólny
    • (=162.1)
    • c
    • Dopowiedzenie poddz. wspólnego
    • (=Polacy).
080 -Uniwersalna Klasyfikacja Dziesiętna [ , ]
    • 2
    • Identyfikator wydania tablic
    • UDC-P058
    • 9
    • UKD
    • 2778
    • a
    • Symbol klasyfikacji
    • 316.334.5
    • b
    • Dopowiedzenie
    • Socjologia podsystemów i instytucji ekologicznych. Socjologia społeczności regionalnych i terytorialnych. Społeczności lokalne.
    • 4
    • UKD2
    • 7642
    • x
    • Poddział wspólny
    • (438)
    • c
    • Dopowiedzenie poddz. wspólnego
    • (Polska).
650 -Hasło przedmiotowe [ ,7]
    • a
    • Hasło przedmiotowe
    • Migranci zarobkowi
    • z
    • Określnik geograficzny
    • Polska
    • z
    • Określnik geograficzny
    • Podkarpackie, Województwo (1999- ).
    • 2
    • Źródło terminu
    • kaba
    • 9
    • KHW
    • 389785
650 -Hasło przedmiotowe [ ,7]
    • a
    • Hasło przedmiotowe
    • Migranci zarobkowi
    • z
    • Określnik geograficzny
    • Polska
    • y
    • Określnik chronologiczny
    • 20 w.
    • 2
    • Źródło terminu
    • kaba
    • 9
    • KHW
    • 389786
650 -Hasło przedmiotowe [ ,7]
    • a
    • Hasło przedmiotowe
    • Migranci zarobkowi
    • z
    • Określnik geograficzny
    • Polska
    • x
    • Określnik rzeczowy
    • postawy
    • y
    • Określnik chronologiczny
    • 1990-.
    • 2
    • Źródło terminu
    • kaba
    • 9
    • KHW
    • 386016
980 -Symbol UKD [ , ]
    • a
    • UKD
    • 331-057.56(=162.1):316.334.5(438)
710 -Hasło dodatkowe - nazwa ciała zbiorowego [2, ]
    • a
    • Nazwa ciała zbiorowego lub nazwa geograficzna jako pierwszy element (NP)
    • Uniwersytet Rzeszowski.
    • b
    • Nazwa jednostki podrzędnej (P)
    • Wydawnictwo.
    • 4
    • Kod relacji
    • pbl
    • 9
    • KHW
    • 51605
920 -ISBN [ , ]
    • a
    • ISBN
    • 978-83-7996-197-9 Find
Data inwentaryzacji Lokalizacja Status udost. Numer inwentarzowy
2016-01-05BG1Z.121337
2016-01-05BG-3WM.18802